Tranformaciones sociales y acciones colectivas: América Latina en el contexto internacional de los noventa
Guardat en:
| Autor corporatiu: | |
|---|---|
| Format: | Text |
| Publicat: |
El Colegio de Mexico
|
| Matèries: | |
| Etiquetes: |
Afegir etiqueta
Sense etiquetes, Sigues el primer a etiquetar aquest registre!
|
MARC
| LEADER | 00000 a a2200000 04500 | ||
|---|---|---|---|
| 001 | 31501 | ||
| 003 | |||
| 040 | |||
| 020 | |a 968-12-0583-9 | ||
| 090 | |a 197801 | ||
| 110 | |a El Colegio de Mexico | ||
| 245 | |a Tranformaciones sociales y acciones colectivas: América Latina en el contexto internacional de los noventa | ||
| 260 | |a El Colegio de Mexico | ||
| 650 | |a IDEOLOGIAS POLITICAS | ||
| 650 | |a TEORIA POLITICA | ||
| 650 | |a SISTEMAS POLITICOS | ||
| 650 | |a SOCIALISMO | ||
| 650 | |a CAPITALISMO | ||
| 650 | |a ADMINISTRACION PUBLICA | ||
| 650 | |a POLITICA GUBERNAMENTAL | ||
| 999 | |c 12010 |d 12010 | ||



